000 00426nam a2200169 i 4500
001 29921
003 ES-MaACL
005 20231224062917.0
007 t|
008 030123s1936 sp ||||1| spa d
100 1 _aBaroja, Pío,
_d1872-1956
_925752
245 1 0 _aRapsodias /
_cPío Baroja.
260 _aMadrid :
_bEspasa-Calpe,
_c1936.
300 _a260 p. ;
_c19 cm.
852 _aES-MaACL
_jA-4108
999 _c29921
_d29921